Životné jubileum Jarmily Skalkovej

Bibliographic Details
Main Author: Baláž, Ondrej, 1922-2016 (Author)
Format: Article
Language:Slovak
Subjects:

MARC

LEADER 00000nab a2200000 a 4500
001 vtls000178893
003 SK-MaSNL
005 20260304063456.0
008 250422c1984 xo 0 slo
015 |a SNBRB19rr/mm-uuuuu 
035 |a CL0189006 
035 |a urn:nbn:sk:snk-ab4q2 
035 |a (urnnbn)urn:nbn:sk:snk:ar-0049wq 
035 |a (uuid)a541ef05-283a-424d-b5c2-fa9fd0531b8b 
040 |a SNKBUCL  |b slo  |c SNKBUCL  |e AACR2 
041 0 |a slo 
044 |a xo  |c SK 
080 |a 378.12  |2 1981 
080 |a 929 Skalková, Jarmila  |2 1981 
100 1 |a Baláž, Ondrej,  |d 1922-2016  |4 aut  |9 196096 
245 1 0 |a Životné jubileum Jarmily Skalkovej  |c O. Baláž 
600 1 7 |a Skalková, Jarmila,  |d 1924-2009  |2 snkbucl  |9 98466 
655 7 |a články z novín a časopisov  |2 snkbucl  |9 267496 
773 0 |t Jednotná škola  |g Roč. 36, č. 1 (1984), s. 83-86 
850 |a Slovenská národná knižnica 
852 |a Slovenská národná knižnica 
954 |a odborná, vedecká literatúra pôvodná (slovenská)  |2 lita 
958 |a article27 
958 |a OND 
958 |a RK 
958 |a BX 
958 |a EUIPO 
992 |a RBX 
999 |c 2742755  |d 2744685